|
|
|
|
| LEADER |
00000nam0a2200000 4500 |
| 001 |
203129 |
| 005 |
20231031185510.0 |
| 010 |
|
|
|a 9785170482559
|
| 010 |
|
|
|a 978-5-478-00712-6
|
| 010 |
|
|
|a 978-5-17-051492-2
|
| 010 |
|
|
|a 978-5-478-00950-2
|
| 035 |
|
|
|a (RuTPU)RU\TPU\book\221346
|
| 090 |
|
|
|a 203129
|
| 100 |
|
|
|a 20111027d2010 m y0rusy50 ca
|
| 101 |
0 |
|
|a rus
|
| 102 |
|
|
|a RU
|
| 105 |
|
|
|a y z 000ay
|
| 200 |
1 |
|
|a Человек и дракон
|f В. В. Овчинников
|
| 210 |
|
|
|a Москва
|c АСТ
|c Восток-Запад
|d 2010
|
| 215 |
|
|
|a 320 с.
|
| 330 |
|
|
|a На Дальнем Востоке дракон олицетворяет силу. Это повелитель вод, от которого зависит пробуждение природы и жизнь человека. Многое пришлось вытерпеть людям из-за его крутого нрава, этим единоборством окрашена вся многовековая история Китая. Об этом 5000-летнем поединке, о том, как люди наконец обрели силу, чтобы одолеть водную стихию, рассказывает повесть Всеволода Овчинникова "Человек и дракон". Вторая часть книги — "Рождение жемчужины" — посвящена тому, как японцы раскрыли тайну рождения чуда природы, превратив устрицу в домашнее животное. Повесть «Цветы сливы» объясняет контраст кулинарных традиций китайцев и японцев, отражающий различия в национальном менталитете этих соседних народов, в их подходе к жизни, в отношении к природе. Наконец, "Горячий пепел" — это политический детектив о тайном соперничестве за обладание атомным оружием. Для широкого круга читателей.
|
| 610 |
1 |
|
|a русская литература
|
| 610 |
1 |
|
|a путешествия
|
| 610 |
1 |
|
|a Восток
|
| 610 |
1 |
|
|a география
|
| 610 |
1 |
|
|a этнография
|
| 610 |
1 |
|
|a Китай
|
| 610 |
1 |
|
|a Япония
|
| 610 |
1 |
|
|a политические детективы
|
| 675 |
|
|
|a Р2
|v 3
|
| 700 |
|
1 |
|a Овчинников
|b В. В.
|g Всеволод Владимирович
|
| 801 |
|
1 |
|a RU
|b 63413507
|c 20111027
|
| 801 |
|
2 |
|a RU
|b 63413507
|c 20111107
|g RCR
|
| 942 |
|
|
|c BK
|